الحيوانات المتطفلة فى الانسان / (Record no. 45393)
[ view plain ]
| 000 -الفاتح | |
|---|---|
| حقل البيانات ثابتة الطول | 00646nam a2200205Ia 4500 |
| 008 - عناصر البيانات ثابتة الطول - معلومات عامة | |
| حقل البيانات ثابتة الطول | 140319s9999 xx 000 0 ara d |
| 040 ## - مصدر الفهرسة | |
| وكالة الفهرسة الأصلية | GCL / |
| وكالة النسخ | GCL |
| 082 04 - رقم تصنيف ديوى العشرى | |
| رقم التصنيف | 591.65 |
| رقم المادة | ل ح |
| 100 1# - المدخل الرئيسى - إسم شخصى | |
| الإسم الشخصى | لاياج، جوفرى |
| 245 10 - بيان العنوان | |
| العنوان | الحيوانات المتطفلة فى الانسان / |
| بيان المسئوليه,etc | لاياج، جوفرى |
| 700 1# - المدخل الاضافى - اسم شخصى | |
| الإسم الشخصى | محمد السعيد الجندى |
| 700 1# - المدخل الاضافى - اسم شخصى | |
| الإسم الشخصى | البرت عطالله عبدالملك (مترجم) |
| 300 ## - الوصف المادى | |
| التعداد | 279 ص |
| 490 ## - بيان السلسلة | |
| عنوان السلسلة | الالف كتاب |
| رقم المجلد/ التعيين التسلسلي | 0 |
| 650 04 - المدخل الاضافى بالموضوع-مصطلح موضوعى | |
| مصطلح موضوعي | الاحياء |
| 650 04 - المدخل الاضافى بالموضوع-مصطلح موضوعى | |
| مصطلح موضوعي | علم الحيوان |
| 650 04 - المدخل الاضافى بالموضوع-مصطلح موضوعى | |
| مصطلح موضوعي | الحيوانات الضارة |
| 942 ## - عناصر المدخل الإضافي( كوها) | |
| مصدر التصنيف او مخطط الترفيف | Dewey Decimal Classification |
| Koha [default] item type | كتاب |
| حالة التراجع | حالة الفقد | حالة تلف | ليس للاعارة | المكان المؤقت | الموقع الحالى | تاريخ الاكتساب | اجمالي اﻻعارات | رقم الطلب | الباركود | تاريخ اخر مشاهدة | تاريخ تفعيل السعر | نوع وعاء كوها |
|---|---|---|---|---|---|---|---|---|---|---|---|---|
| مكتبة القاهرة الكبرى | مكتبة القاهرة الكبرى | 03/26/2014 | 591.65\ل ح | 110709 | 03/26/2014 | 03/26/2014 | كتاب |

